000
00353nam a2200133Ia 4500
008
100328s9999 xx 000 0 und d
082
_b
31329
100
_a
गोगटे शकुंतला
245
_a
दीपदान
260
_b
नवचैतन्य
630
_a
दीपदान
730
_a
दीपदान
942
_c
BOOK
999
_c
522268
_d
522265